000 00412nam a22001697a 4500
003 MPLRDC
005 20220104152527.0
008 210129b ||||| |||| 00| 0 eng d
082 _a880.4 LEMA
100 _aA. LEMADOSKI
245 _a圣西门传
_c孙家衡、钱文千译
250 _a初版
260 _a
_b商务印书馆
_c1983
300 _b
650 _a俄国文学
942 _cBK
_o880.4 LEMA
999 _c52954
_d52944